000
00458nam a2200181Ia 4500
008
100917s9999 xx 000 0 und d
082
_b
3630
100
_a
बांदेकर अनंत
245
_a
चुकामूक
260
_b
---
_c
1947
300
_a
92
365
_b
1.5
520
_a
कादंबरी
630
_a
चुकामूक
650
_a
कादंबरी
730
_a
चुकामूक
942
_c
BOOK
999
_c
609024
_d
609021